| 000 | 00750cam a22002174a 4500 | ||
|---|---|---|---|
| 999 |
_c107640 _d107640 |
||
| 001 | 13958961 | ||
| 005 | 20180919114737.0 | ||
| 008 | 050509r20051987mauab b 001 0 eng | ||
| 020 | _a1561012351 (pbk. : alk. paper) | ||
| 040 | _cPK-LaUMT | ||
| 082 | 0 | 0 |
_a215 _222 _bRAY-H |
| 100 | 1 | _aRaymo, Chet | |
| 245 | 1 | 0 |
_aHoney from stone : _ba naturalist's search for God / _cChet Raymo ; illustrations by Bob O'Cathail |
| 260 |
_aCambridge, Mass. : _bCowley Publications, _c1987 _creprinted 1997 |
||
| 300 |
_axiv, 188 p. : _bill. map ; _c23 cm. |
||
| 500 | _aIncludes index. | ||
| 500 | _aOriginally published: 1st ed. New York, N.Y. : Dodd, Mead & Co., 1987. | ||
| 650 | 0 | _aReligion and science | |
| 650 | 0 |
_aNature _xReligious aspects |
|
| 942 | _cBK | ||